01180nam a2200193Ia 4500001001000000003001000010008004100020040002500061041001300086100003600099245003300135250001100168260009200179300002900271500026800300501011400568520026800682650003600950L208-3110IT-CnALBA170116s9999||||xx |||||||||||||| ||und|| aIT-CnALBAcIT-CnALBA aITALIANO aCATERINA DA SIENA, SANTA, DOTT. 0aBREVIARIO DELLA PERFEZIONE.  a1a ed. a FIRENZEbSALANI ADRIANO, CASA EDITRICE c1943 [1° Ed.:1943 - Ed.Ling.Originale: 1943] a410 p. (prefazione: 552) aINTRODUZIONE E NOTE DI CORDOVANI M. S. CATERINA PATRONA D'ITALIA. DOCUMENTO DI PIO XII. S. FRANCESCO COMPATRONO. TEOLOGIA DEL DIALOGO. DIO GESÙ CRISTO CHIESA. ANIMA PROSSIMO. VIRTÙ FEDE SPERANZA E CARITÀ. TIMOR DI DIO. AUTOCONOSCENZA. UMILTÀ OBBEDIENZA PA aSocietà San Paolo EM - Piazza San Paolo, 14 - 12051 ALBA (CN) (non commercial uses only) ® Copyright 2017 aINTRODUZIONE E NOTE DI CORDOVANI M. S. CATERINA PATRONA D'ITALIA. DOCUMENTO DI PIO XII. S. FRANCESCO COMPATRONO. TEOLOGIA DEL DIALOGO. DIO GESÙ CRISTO CHIESA. ANIMA PROSSIMO. VIRTÙ FEDE SPERANZA E CARITÀ. TIMOR DI DIO. AUTOCONOSCENZA. UMILTÀ OBBEDIENZA PA aPADRI E SCRITTORI ECCLESIASTICI